| 000 | 00356nam a2200133Ia 4500 | ||
|---|---|---|---|
| 008 | 240624s9999 xx 000 0 und d | ||
| 041 | _aeng | ||
| 082 | _a658.4013 BAS | ||
| 100 | _aBASS ISSA | ||
| 245 | _aLEAN SIX SIGMA USING SIGMAXL AND MINITAB | ||
| 260 |
_c2011 _aNew Delhi _bTata McGraw-Hill |
||
| 300 | _axiv, : 362 : p. : cm. ; 26 | ||
| 365 |
_cRS _b33 |
||
| 999 |
_c25662 _d25662 |
||